000 00952cam a2200289Ii 4500
999 _c2839
_d2839
001 2176836
003 OCoLC
005 20181018210017.0
008 760514s1963 nyu 000 0 eng d
020 _a8187429194
040 _aLQS
_cLQS
_dOCL
_dOUN
041 1 _aengger
082 _a226.2
_bB466C
090 _aBT380
_b.B66 1963
100 1 _aBonhoeffer, Dietrich,
_d1906-1945
245 1 4 _aThe cost of discipleship /
_cDietrich Bonhoeffer ; translated from the German by R. H. Fuller, with some revision by Irmgard Booth
250 _aRev. [i.e. 2d] and unabridged edition, containing material not previously translated
250 _aIndian Ed.
260 _aNew York :
_bMacmillan,
_c1963
260 _aTiruvalla, Kerala :
_bSuvartha Bhavan,
_c1996.
300 _a352 p. ;
_c18 cm
440 0 _aMacmillan paperbacks
500 _aTranslation of Nachfolge
500 _aIncludes indexes
630 0 0 _aSermon on the mount
942 _2ddc
_cBK